Memorias de la Real Academia de Ciencias (Registro nro. 173877)
[ vista simple ]
| 000 -LEADER | |
|---|---|
| campo de control de longitud fija | 01056nam a2200265 i 4500 |
| 001 - NÚMERO DE CONTROL | |
| campo de control | 173877 |
| 003 - IDENTIFICADOR DE NÚMERO DE CONTROL | |
| campo de control | ES-MaACL |
| 005 - FECHA Y HORA DE LA ÚLTIMA TRANSACCIÓN | |
| campo de control | 20251007171507.0 |
| 007 - CAMPO FIJO DE DESCRIPCIÓN FÍSICA--INFORMACIÓN GENERAL | |
| campo de control de longitud fija | t| |
| 008 - DATOS DE LONGITUD FIJA--INFORMACIÓN GENERAL | |
| campo de control de longitud fija | 100127s1890 sp |||| | spa d |
| 110 2# - ENTRADA PRINCIPAL--NOMBRE DE ENTIDAD CORPORATIVA | |
| Nombre de entidad corporativa o nombre de jurisdicción como elemento de entrada | Real Academia de Ciencias Exactas, Físicas y Naturales de España. |
| 9 (RLIN) | 175635 |
| 245 10 - MENCIÓN DEL TÍTULO | |
| Título | Memorias de la Real Academia de Ciencias |
| Fechas predominantes | 1890. |
| 260 ## - PUBLICACIÓN, DISTRIBUCIÓN, ETC. | |
| Lugar de publicación, distribución, etc. | Madrid : |
| Nombre del editor, distribuidor, etc. | [s.n.], |
| Fecha de publicación, distribución, etc. | 1890 (Imp. de Luis Aguado) |
| 300 ## - DESCRIPCIÓN FÍSICA | |
| Extensión | 4 v. ; |
| Dimensiones | 28 cm. |
| 504 ## - NOTA DE BIBLIOGRAFÍA, ETC. | |
| Nota de bibliografía, etc. | Bibliografía crítica: v. 3-4. |
| 505 8# - NOTA DE CONTENIDO CON FORMATO | |
| Nota de contenido con formato | Contiene: T. XV ; |
| Título | Estudios preliminares sobre los moluscos terrestres y marinos de España, Portugal y las Baleares / |
| Mención de responsabilidad | J.G. Hidalgo (4 v.: 2431 p.) |
| 650 #4 - PUNTO DE ACCESO ADICIONAL DE MATERIA--TÉRMINO DE MATERIA | |
| Término de materia o nombre geográfico como elemento de entrada | Moluscos- |
| Subdivisión geográfica | Península Ibérica. |
| 9 (RLIN) | 142437 |
| 700 1# - ENTRADA AGREGADA--NOMBRE PERSONAL | |
| Nombre de persona | González Hidalgo, Joaquín, |
| Fechas asociadas al nombre | 1839-1923 |
| 9 (RLIN) | 127415 |
| 740 02 - ENTRADA AGREGADA--TÍTULO RELACIONADO/ANALÍTICO NO CONTROLADO | |
| Título relacionado o analítico no controlado | Estudios preliminares sobre los moluscos terretres y marinos de España, Portugal y las Baleares. |
| 852 ## - LOCALIZACIÓN | |
| Ubicación | ES-MaACL |
| Número de control de estantería | K-231 |
| 852 ## - LOCALIZACIÓN | |
| Ubicación | ES-MaACL |
| Número de control de estantería | K-232 |
| 852 ## - LOCALIZACIÓN | |
| Ubicación | ES-MaACL |
| Número de control de estantería | K-233 |
| 852 ## - LOCALIZACIÓN | |
| Ubicación | ES-MaACL |
| Número de control de estantería | K-234 |
| Estatus retirado | Estado de pérdida | Estado de daño | No para préstamo | Colección | Biblioteca de origen | Biblioteca actual | Ubicación en estantería | Fecha de adquisición | Total de préstamos | Signatura topográfica completa | Código de barras | Visto por última vez | Precio de reemplazo | Tipo de ítem Koha |
|---|---|---|---|---|---|---|---|---|---|---|---|---|---|---|
| Libros del s. XIX | Biblioteca del Ateneo de Madrid | Biblioteca del Ateneo de Madrid | Administración | 27/01/2010 | K-234 | 1182514 | 23/02/2023 | 23/02/2023 | Libro impreso antiguo | |||||
| Libros del s. XIX | Biblioteca del Ateneo de Madrid | Biblioteca del Ateneo de Madrid | Administración | 27/01/2010 | K-231 | 1182511 | 23/02/2023 | 23/02/2023 | Libro impreso antiguo | |||||
| Libros del s. XIX | Biblioteca del Ateneo de Madrid | Biblioteca del Ateneo de Madrid | Administración | 27/01/2010 | K-232 | 1182512 | 23/02/2023 | 23/02/2023 | Libro impreso antiguo | |||||
| Libros del s. XIX | Biblioteca del Ateneo de Madrid | Biblioteca del Ateneo de Madrid | Administración | 27/01/2010 | K-233 | 1182513 | 23/02/2023 | 23/02/2023 | Libro impreso antiguo |
